000 00802cam a22002293a 4500
001 22457
003 PGUSA
005 20140828083458.0
008 070830s2007||||xxu|||||s|||||000 | eng d
040 _aPGUSA
_beng
042 _adc
050 4 _aPE
100 1 _aAyres, Alfred,
_d1825-1902
245 1 4 _aThe Verbalist :
_bA Manual Devoted to Brief Discussions of the Right and the Wrong Use of Words and to Some Other Matters of Interest to Those Who Would Speak and Write with Propriety.
_h[electronic resource] /
_cAlfred Ayres
260 _bProject Gutenberg,
_c2007
506 _aPublic domain in the USA.
516 _aElectronic text
653 _aEnglish language -- Errors of usage
830 0 _aProject Gutenberg
_v22457
856 4 0 _uhttp://www.gutenberg.org/ebooks/22457
942 _cEB
999 _c251712
_d251712